| Tag |
First Indicator |
Second Indicator |
Subfields |
| LEADER |
00000cam a22000001 4500 |
| 001 |
in00000038276 |
| 005 |
20151007080933.0 |
| 008 |
740608s1967 pau b 00010beng |
| 010 |
|
|
|a 67019299
|
| 035 |
|
|
|a (OCoLC)02019682
|
| 035 |
|
|
|9 AAF5625AM
|
| 040 |
|
|
|a DLC
|c DLC
|d TXA
|d UtOrBLW
|
| 049 |
|
|
|a TXAM
|c [477239]
|
| 050 |
0 |
0 |
|a BX5199.L53
|b C8
|
| 082 |
0 |
|
|a 239/.00924
|
| 092 |
|
|
|a 239
|b L6733c
|
| 100 |
1 |
|
|a Cunningham, Richard B.
|
| 245 |
1 |
0 |
|a C. S. Lewis, defender of the faith /
|c by Richard B. Cunningham.
|
| 264 |
|
1 |
|a Philadelphia :
|b Westminster Press,
|c [1967]
|
| 300 |
|
|
|a 223 pages ;
|c 21 cm.
|
| 336 |
|
|
|a text
|b txt
|2 rdacontent
|
| 337 |
|
|
|a unmediated
|b n
|2 rdamedia
|
| 338 |
|
|
|a volume
|b nc
|2 rdacarrier
|
| 504 |
|
|
|a Bibliography [of works by C. S. Lewis]: pages [219]-223. Bibliographical references included in "Notes" (pages [207]-217).
|
| 600 |
1 |
0 |
|a Lewis, C. S.
|q (Clive Staples),
|d 1898-1963.
|
| 650 |
|
0 |
|a Apologetics
|x History
|y 20th century.
|
| 999 |
|
|
|a MARS
|
| 999 |
f |
f |
|s a12085f3-e187-3693-b5c3-e9b6e205d727
|i 386210bc-e639-3f80-ad00-92dee7b72440
|t 0
|
| 952 |
f |
f |
|p ric
|a Texas A&M University
|b Rellis Campus
|c Joint Library Facility
|d Remote Storage
|t 0
|e BX5199.L53 C8
|h Library of Congress classification
|i unmediated -- volume
|m A14800609364
|
| 998 |
f |
f |
|a BX5199.L53 C8
|t 0
|l Remote Storage
|